Principles of money, banking, and financial markets
Book incorporates current research and data while taking stock of sweeping changes in the international financial landscape produced by financial innovation, deregulation, and geopolitical considerations
محفوظ في:
| المؤلف الرئيسي: | |
|---|---|
| التنسيق: | كتاب |
| اللغة: | Undetermined |
| منشور في: |
New York
Basic Books
1974
|
| الموضوعات: | |
| الوسوم: |
إضافة وسم
لا توجد وسوم, كن أول من يضع وسما على هذه التسجيلة!
|
| Thư viện lưu trữ: | Trung tâm Học liệu Trường Đại học Cần Thơ |
|---|
| LEADER | 00884nam a2200205Ia 4500 | ||
|---|---|---|---|
| 001 | CTU_220627 | ||
| 008 | 210402s9999 xx 000 0 und d | ||
| 020 | |c 12.50 | ||
| 082 | |a 332 | ||
| 082 | |b R614 | ||
| 100 | |a Ritter, Lawrence S. | ||
| 245 | 0 | |a Principles of money, banking, and financial markets | |
| 245 | 0 | |c Lawrence S. Ritter & William L. Silber | |
| 260 | |a New York | ||
| 260 | |b Basic Books | ||
| 260 | |c 1974 | ||
| 520 | |a Book incorporates current research and data while taking stock of sweeping changes in the international financial landscape produced by financial innovation, deregulation, and geopolitical considerations | ||
| 650 | |a Stock exchanges,Thị trường chứng khoán,Banks and banking,Tiền tệ,Ngân hàng và nghiệp vụ ngân hàng,Money | ||
| 904 | |i Nguyên | ||
| 980 | |a Trung tâm Học liệu Trường Đại học Cần Thơ | ||